000 00656nam a22001937a 4500
999 _c158716
_d158716
005 20181113104247.0
010 _aENG-124481
020 _a9789353065737
_c599.00
035 _aEN-108013
037 _bDBAD/PUB
082 _a519.542
100 _aMiller, Thomas W.
245 _aModeling techniques in predictive analytics with python and R:
_cby Thomas W. Miller
_ba guide to data science /
260 _aNew Delhi
_bPearson
_c2019
270 _a14 Local Shopping Centre, Panchsheel Park
_bNew Delhi
_e110017
300 _axviii,418p.
_c24cm. (pbk)
500 _aIt includes bibliography and Index
942 _2ddc
_cEN
_h519.542
_mMIL